| 000 | 00637cab a2200217 4500 | ||
|---|---|---|---|
| 001 | WB3407-44 | ||
| 008 | 090401t1998 xxu||||| |||| 00| 0 eng d | ||
| 035 | _a(Sirsi) u84315 | ||
| 041 | _aeng | ||
| 245 | _aDropping the `Royal` | ||
| 260 | _c1998 | ||
| 350 | _a0 | ||
| 490 |
_aObserver _v15 February 1998, B1(1) |
||
| 520 | _aA motion will be put forward at the next RICS JO annual conference to drop the `Royal` prefix from the name. | ||
| 650 | _aANNUAL CONFERENCE | ||
| 650 | _aRICS | ||
| 650 | _aRICS ROYAL CHARTER | ||
| 690 | _aMANAGEMENT-BUSINESS MANAGEMENT-PROFESSIONAL PRACTICE | ||
| 942 | _n0 | ||
| 948 | _c18/02/1998 | ||
| 999 |
_c52984 _d52984 |
||